Statistiques concernant Les 10 équipes en LEC 2022

Cliquez ici pour prendre le quiz!

Statistiques générales

  • Ce quiz a été pris 70 fois
  • Le résultat moyen est 9 sur 10

Statistiques - réponses

Réponse% Correct
G2 Esports
98%
Fnatic
93%
MAD Lions
93%
Team BDS
92%
Team Vitality
88%
Rogue
85%
Astralis
80%
Misfits Gaming
80%
SK Gaming
78%
Excel Esports
73%

Distribution des résultats

Percentile par nombre de réponses

% des personnes avec chaque résultat

Votre développement - résultats

Vous n’avez pas pris ce quiz